Pokémon Additions by Generation - Statistics

General Stats
  • This quiz has been taken 108 times
  • The average score is 12 of 18
Answer Stats
Hint Answer % Correct
Gym Leaders Gen I
96%
Elite Four Gen I
91%
Mega Evolution Gen VI
87%
Terastallisation Gen-IX
85%
Dynamax Gen VIII
85%
Z-Moves Gen VII
84%
Regional Forms Gen VII
81%
Double Battles Gen III
75%
Shinies Gen II
73%
Triple Battles Gen V
68%
Wild Area Gen VIII
65%
Held items Gen II
56%
Physical-Special Split Gen IV
56%
Horde Encounters Gen VI
56%
Abilities Gen III
51%
Convergent Pokémon Gen-IX
48%
Online Battles Gen IV
45%
Gems Gen V
41%
No matching quizzes found
Score Distribution
Percent of People with Each Score
Percentile by Number Answered
Your Score History
You have not taken this quiz